Statistics for Movements in Handel’s Messiah

Click here to take the quiz!

General Stats

  • This quiz has been taken 5 times
  • The average score is 25 of 54

Answer Stats

HintAnswer% Correct
Part 1Comfort ye my people
100%
Part 1Ev’ry valley shall be exalted
100%
Part 2Hallelujah
100%
Part 1Pifa (Pastoral Symphony)
100%
Part 2All we like sheep have gone astray
75%
Part 1And the glory of the Lord
75%
Part 1Behold, a virgin shall conceive
75%
Part 3Behold, I tell you a mystery
75%
Part 1For unto us a child is born
75%
Part 2He was despised
75%
Part 3I know that my redeemer liveth
75%
Part 1Sinfonia
75%
Part 3The trumpet shall sound
75%
Part 1And he shall purify
50%
Part 1And lo, the angel of the Lord came upon them
50%
Part 1And suddenly there was with the angel
50%
Part 1And the angel said unto them
50%
Part 2Behold, and see if there be any sorrow
50%
Part 1But who may abide the day of his coming?
50%
Part 1For behold, darkness shall cover the earth
50%
Part 1Glory to God
50%
Part 1He shall feed his flock
50%
Part 2He that dwelleth in heaven
50%
Part 1His yoke is easy, and his burthen is light
50%
Part 2How beautiful are the feet
50%
Part 3O death, where is thy sting?
50%
Part 1Rejoice greatly, O daughter of Zion
50%
Part 3Since by man came death
50%
Part 1Then shall the eyes of the blind
50%
Part 1The people that walked in darkness
50%
Part 1There were shepherds abiding in the field
50%
Part 2Why do the nations so furiously rage together?
50%
Part 3Worthy is the lamb that was slain - Amen
50%
Part 2All they that see him laugh him to scorn
25%
Part 2And with his stripes we are healed
25%
Part 2Behold the Lamb of God
25%
Part 2But thou didst not leave his soul in hell
25%
Part 2He trusted in God
25%
Part 2He was cut off out of the land of the living
25%
Part 3If God be for us
25%
Part 2Let all the angels of God worship him
25%
Part 2Let us break their bonds asunder
25%
Part 2Lift up your heads, O ye gates
25%
Part 1O thou that tellest good tidings to Zion
25%
Part 2Surely he hath borne our griefs
25%
Part 2Their sound is gone out
25%
Part 2The Lord gave the word
25%
Part 2Thou art gone up on high
25%
Part 2Thou shalt break them
25%
Part 1Thus saith the Lord
25%
Part 2Thy rebuke hath broken his heart
25%
Part 3But thanks be to God
0%
Part 3Then shall be brought to pass
0%
Part 2Unto which of the angels said he at any time
0%

Score Distribution

Percentile by Number Answered

Percent of People with Each Score

Your Score History

You have not taken this quiz